| 000 | 00572nam a22001937a 4500 | ||
|---|---|---|---|
| 005 | 20240327113137.0 | ||
| 008 | 240327b |||||||| |||| 00| 0 eng d | ||
| 020 | _a9780443102790 | ||
| 082 |
_a616.075 _bBAN-T |
||
| 100 | _aBancroft John D. | ||
| 245 |
_aTheory and practice of Histological Techniques / _cJohn D. Bancroft, Marilyn Gamble |
||
| 250 | _a6th ed. | ||
| 260 |
_aChina : _bChurchill Livingstone, _c2008 |
||
| 300 |
_axv,725 p. : _bill. : _c 25 cm. |
||
| 500 | _aIncludes index | ||
| 650 | _aMedical / Histology | ||
| 700 | _a Marilyn Gamble | ||
| 999 |
_c35488 _d35488 |
||